Historia de Filipinas / (Record no. 5618)

000 -CABECERA
fixed length control field 00976nam a22001937a 4500
003 - IDENTIFICADOR DEL NÚMERO DE CONTROL
control field AR-CdUCM
008 - DATOS DE LONGITUD FIJA--INFORMACIÓN GENERAL
fixed length control field 190312b ||||| |||| 00| 0 spa d
020 ## - NÚMERO INTERNACIONAL ESTÁNDAR DEL LIBRO
ISBN 84-7232-323-4
040 ## - FUENTE DE LA CATALOGACIÓN
Agencia/entidad que catalogó originalmente la obra MUNICIPALIDAD PROVINCIAL DEL CUSCO
Entidad que transcribió la catalogación BIBLIOTECA MUNICIPAL DEL CUSCO
082 ## - NÚMERO DE LA CLASIFICACIÓN DECIMAL DEWEY
No. de Clasificación 086.991 /
Notacion interna M74
100 ## - ENTRADA PRINCIPAL--NOMBRE DE PERSONA
Nombre Personal Molina, Antonio M.
245 ## - MENCIÓN DE TÍTULO
Título Historia de Filipinas /
260 ## - PUBLICACIÓN, DISTRIBUCIÓN, ETC.
Lugar de publicación, distribución, etc. Madrid :
Nombre de la editorial, distribuidor, etc. Cultura hispánica del instituto de cooperación iberoamericana,
Fecha de publicación, distribución, etc. 1984.
300 ## - DESCRIPCIÓN FÍSICA
Nº de Páginas Extensión 2 tomos ;
Otros detalles físicos ilustraciones,
Dimensiones 24 cm.
505 ## - NOTA DE CONTENIDO CON FORMATO
Nota de contenido formateada Contenido: t.1.- Orígenes -- Iniciación -- Incorporación -- consolidación -- colonización -- La coyuntura -- colonia -- Auge -- La propaganda -- t.2.- La revolución -- " Byac - na - bato" -- Entre dos pactos -- La guerra Fil-Americana -- El régimen norteamericano -- La mancomunidad de Filipinas -- Paréntesis japones -- La república -- La nueva sociedad.
650 ## - PUNTO DE ACCESO ADICIONAL DE MATERIA--TÉRMINO DE MATERIA
Descriptor Historia de Filipinas
9 (RLIN) 16800
942 ## - ELEMENTOS DE PUNTO DE ACCESO ADICIONAL (KOHA)
Fuente de clasificación
Tipo de item Libros-BMC
945 ## - PROCESAMIENTO DE INFORMACIÓN LOCAL (OCLC)
Catalogador Andy
Holdings
Estado de retiro (separado) Fuente de clasificación o esquema de estanterías Estado dañado Ubicación Sala donde se ubica Nombre de la colección Fecha de adquisición o compra Costo, precio normal en soles Signatura topográfica Código de Barras Última vez visto (Koha) Tipo de ítem (Koha)
No     Sala Humanidades Sala Humanidades Book Cart 2019-03-12 30.00 086.991 / M74 / t.1 SH0000006080 2019-03-12 Libros-BMC
No     Sala Humanidades Sala Humanidades Book Cart 2019-03-12 30.00 086.991 / M74 / t.2 SH0000006079 2019-03-12 Libros-BMC

Powered by Koha